000 01398nam0a22002771 4500
001 rc\3042102
005 20250806201942.0
035 _a(NLR Aleph) 007182253
090 _a18043
_c18043
100 _a20111006d1941 u y0rusy50 ca
101 0 _arus
102 _aRU
105 _aab z |||||
200 1 _aПлан в колхозе
_e(Опыт планирования урожайности с.-х. культур и продуктивности животноводства в колхозе им. Кагановича, Морозовск. р-на)
_fБрошюра сост. бригадой науч. сотрудников Ростовск. науч.-исслед. ин-та экономики сельского хозяйства в сост. тт. Янюшкин М.Ф. (руководитель бригады), Бутаевой, Давыдова А.В. ... [и др.]
210 _aРостов н/Д
_cРостиздат
_d1941
215 _a36 с., 2 л. табл., карт.
_cтабл., диагр., карт.
_d20 см
700 1 _aЯнюшкин
_bМ.Ф.
_gМихаил Федорович
701 0 _aБутаева
701 1 _aДавыдов
_bА.В.
801 0 _aRU
_bNLR
_gpsbo
801 1 _aRU
_bELAR
_2rusmarc
852 _aNLR
_jЭк50 Г-4/186
942 _cBOOK
945 _aРоссийская национальная библиотека
980 _aNB
980 _aBV